000 01155nam a22003377a 4500
003 CHAP
005 20220329135443.0
008 971013s1988 r 00010 d
010 _a36764
011 _a37736
035 _a41856
040 _cCHAP
090 _aTesis
100 0 0 _aOrtiz Ayala, Carlos Ricardo.
_983934
245 _aOperación del sistema de conducción y depositación de jales a presas en el Consorcio Minero Betino Juárez, Peña Colorada, S. A.
260 _aChapingo, Méx. :
_bEl autor,
_c1988
300 _a81 h.
502 _aTesis (Ing. Agr. Esp. en Irrigación) -- UACH. Departamento de Irrigación
590 _aALEPH
_b10
_c20130110
_lUCH01
_h1302
590 _aBATCH-UPD
_b10
_c20130110
_lUCH01
_h1422
590 _aBATCH-UPD
_b10
_c20130410
_lUCH01
_h0903
590 _aBATCH-UPD
_b10
_c20130914
_lUCH01
_h1617
590 _aCONVERSION
_b10
_c20130109
_lUCH01
_h1321
650 1 4 _aHierro
_xIndustria.
_955298
650 1 4 _aPresas.
_991480
650 1 4 _aSedimentación y deposición.
_9103571
650 1 4 _aSuelos y cultivos.
_9110571
901 _aBK
942 _cTESIS
949 _bBC
_cTES
_d-96264
_eTS1
_h20411
_i41856
_si
999 _c36764
_d36764